| 000 | 00540cam a22002057a 4500 | ||
|---|---|---|---|
| 001 | 3427813 | ||
| 003 | OSt | ||
| 005 | 20150207075144.0 | ||
| 008 | 900620s2003 uy 000 0 spa | ||
| 020 | _a968-19-1222-5 | ||
| 040 | _cBMC | ||
| 082 | _a863.99395 | ||
| 100 | 1 |
_aBenedetti, Mario _d1920-2009 _921154 |
|
| 245 | 1 | 0 |
_aDespistes y franquezas _cMario Benedetti |
| 250 | _a1ª ed., reimp | ||
| 260 |
_aMéxico, D.F. _bAlfaguara _c2003 |
||
| 300 |
_a287 p. _c23 cm |
||
| 650 | 2 | 4 |
_929295 _aNovela uruguaya |
| 942 |
_2ddc _cBK _hahoj |
||
| 999 |
_c11855 _d11855 |
||